00325nam a22001217a 4500003000400000020001800004100002800022245006500050260003700115300001000152650002500162700001600187OSt a9789348140609 aMISHRA, Akhilesh Kumar  aInnovative Management : Driving Change and Achieving Growth  aNew Delhi,bNaples India:c2024. a495p. aFaculty Publication  aManju Bala